| 000 | 00638nam a2200217Ia 4500 | ||
|---|---|---|---|
| 005 | 20230216103404.0 | ||
| 008 | 131103s9999 xx 000 0 und d | ||
| 020 |
_a8185055955 _cRs.250 |
||
| 040 | _aLoreto College | ||
| 041 | _aEnglish | ||
| 082 |
_a954.01 _bROY |
||
| 100 | _aRoy,Aniruddha | ||
| 245 |
_aTechnology in ancient and medieval India _cAniruddha Roy and S.K. Bagchi |
||
| 260 |
_aDelhi _bSundeep Prakashan _c1986 |
||
| 300 |
_aix,167 p. _b ill. |
||
| 504 | _aIncludes index,appendix and bibliographical references | ||
| 650 | _aIndia - Ancient History | ||
| 700 | _aBagchi,S.K;auth. | ||
| 850 | _aLCLIB | ||
| 942 | _cBK | ||
| 999 |
_c9326 _d59805 |
||